Qui a le Plus d'Habitants ? - Statistiques

Statistiques générales
  • Ce quiz a été pris 41 fois
  • Le résultat moyen est 6 sur 10
Statistiques - réponses
Question Réponse % Correct
Mumbaï (Inde) / Buenos Aires (Argentine) Mumbaï
100%
Shanghai (Chine) / Londres (Royaume-Uni) Shanghai
100%
Tunis (Tunisie) / Alger (Algérie) Alger
93%
Berlin (Allemagne) / Karachi (Pakistan) Karachi
93%
São Paulo (Brésil) / Paris São Paulo
92%
Tokyo (Japon) / New York (États-Unis) Tokyo
91%
Colombo (Sri Lanka) / Dacca (Bangladesh) Dacca
88%
Hanoï (Viet Nam) / Le Caire (Egypte) Le Caire
88%
Los Angeles (États-Unis) / Mexico City (Mexique) Mexico City
86%
Lagos (Nigéria) / Nairobi (Kenya) Lagos
82%
Lyon / Belfast (Irlande du Nord) Lyon
79%
Auckland (Nouvelle Zélande) / Oslo (Norvege) Auckland
75%
Toulouse / Boston (USA) Boston
75%
Jakarta (Indonésie) / Séoul (Corée du Sud) Jakarta
71%
Lima (Pérou) / Santiago (Chili) Lima
69%
Le Cap (Afrique du Sud) / Saint-Pétersbourg (Russie) Saint-Pétersbourg
64%
Berlin (Allemagne) / Madrid (Espagne) Berlin
61%
Abidjan (Côte d'Ivoire) / Addis-Abeba (Éthiopie) Abidjan
60%
Casablanca (Maroc) / Sydney (Australie) Sydney
60%
Varsovie (Pologne) / Budapest (Hongrie) Varsovie
58%
Medellín (Colombie) / Bagdad (Irak) Bagdad
56%
Antananarivo (Madagascar) / Maputo (Mozambique) Antananarivo
54%
Hô Chi Minh-Ville (Vietnam) / Hanoi (Vietnam) Ho Chi Minh Ville
50%
Kuala Lumpur (Malaisie) / Ankara (Turquie) Ankara
38%
Moscou (Russie) / Rio de Janeiro (Brésil) Moscou
38%
Montevideo (Uruguay) / Caracas (Venezuela) Caracas
22%
Marseille/Lyon Lyon
10%
Oulan-Bator (Mongolie) / Dakar (Sénégal) Oulan bator
7%
Rennes / New Delhi (Inde) Rennes
7%
Yokohama (Japon) / Osaka (Japon) Yokohama
7%
Aucun quiz correspondant
Distribution des résultats
% des personnes avec chaque résultat
Percentile par nombre de réponses
Votre historique - résultats
Vous n’avez pas pris ce quiz